000 01094nam a22002177a 4500
003 OSt
005 20260312061334.0
008 260312b |||||||| |||| 00| 0 eng d
020 _a978-1-4027-3689-6
040 _aDWCL GS lib
_cOC
082 _aM143 2007
100 _aMCFADDEN, DEANNA
245 _aAround the world in 80 days
_cDEANNA MCFADDEN
260 _aNew York
_bSterling Publishing
_c 2007
300 _a151p
_c20cm
520 _aEnglish gentleman Phileas Fogg bets £20,000 that he can circumnavigate the globe in exactly 80 days. Accompanied by his loyal servant Passepartout, Fogg travels via steamship and rail through Asia and America, overcoming obstacles and a mistaken police pursuit to return to London just in time.
650 _aa classic adventure novel that follows the journey of Phileas Fogg, a wealthy, meticulous, and habitually punctual English gentleman, as he attempts to circumnavigate the globe in 80 days
650 _aperseverance, precision, and the value of human connection over strict scheduling.
700 _aDEANNA MCFADDEN
942 _2ddc
_cFIC.
_n0
999 _c9039
_d9039